|
|
|
|
| LEADER |
00000nam0a2200000 4500 |
| 001 |
345420 |
| 005 |
20231102005754.0 |
| 010 |
|
|
|a 9785040936991
|
| 035 |
|
|
|a (RuTPU)RU\TPU\book\377257
|
| 090 |
|
|
|a 345420
|
| 100 |
|
|
|a 20201119d2018 m y0rusy50 ca
|
| 101 |
0 |
|
|a rus
|
| 102 |
|
|
|a RU
|
| 105 |
|
|
|a y z 000ay
|
| 200 |
1 |
|
|a Приличный человек
|e роман
|f Ч. А. Абдуллаев
|
| 210 |
|
|
|a Москва
|c Э
|d 2018
|
| 215 |
|
|
|a 316 с.
|
| 225 |
1 |
|
|a Абдуллаев. Мастер криминальных тайн
|
| 330 |
|
|
|a Загадки и тайны, сплетенные смертью... Они преследуют по пятам известного эксперта-аналитика Дронго. Однажды в аэропорту он случайно знакомится с бизнесменом Николаем Сутеевым. И вот спустя всего два месяца к сыщику обращаются с просьбой расследовать убийство Сутеева, застреленного в собственном подъезде. Дронго начинает собирать улики, изучать чужие судьбы, характеры, мотивы поведения; он докапывается до самых сокровенных тайн и признаний - он делает то, что делал сотни раз. Но то, что открылось в этом расследовании, повергает Дронго в шок, и он вынужден признать, что дьявольская выдумка и изворотливость убийцы заслуживают... восхищения!
|
| 606 |
1 |
|
|a Русская литература современная
|2 stltpush
|3 (RuTPU)RU\TPU\subj\26373
|9 50316
|
| 610 |
1 |
|
|a художественная литература
|
| 610 |
1 |
|
|a детективы
|
| 610 |
1 |
|
|a криминал
|
| 610 |
1 |
|
|a романы
|
| 675 |
|
|
|a Р2
|v 4
|
| 700 |
|
1 |
|a Абдуллаев
|b Ч. А.
|g Чингиз Акифович
|
| 801 |
|
1 |
|a RU
|b 63413507
|c 20201119
|
| 801 |
|
2 |
|a RU
|b 63413507
|c 20201204
|g RCR
|
| 942 |
|
|
|c BK
|